Windows Server 2012 automation with PowerShell cookbook (Record no. 13816)
[ view plain ]
| 000 -LEADER | |
|---|---|
| fixed length control field | 01048nam a2200277Ia 4500 |
| 100 1# - MAIN ENTRY--AUTHOR NAME | |
| Personal name | Goad, Ed. |
| 245 10 - TITLE STATEMENT | |
| Title | Windows Server 2012 automation with PowerShell cookbook |
| 260 ## - PUBLICATION, DISTRIBUTION, ETC. (IMPRINT) | |
| Place of publication | Birmingham : |
| Name of publisher | Packt Publishing, |
| Year of publication | 2013. |
| 300 ## - PHYSICAL DESCRIPTION | |
| Number of Pages | 778 p. |
| 650 #0 - SUBJECT ADDED ENTRY--TOPICAL TERM | |
| Topical Term | Operating systems (Computers) |
| 856 40 - ELECTRONIC LOCATION AND ACCESS | |
| Uniform Resource Identifier | http://site.ebrary.com/lib/rucke/Doc?id=10682480 |
No items available.
